| 000 | 00507nam a2200145Ia 4500 | ||
|---|---|---|---|
| 008 | 151213s9999 xx 000 0 und d | ||
| 100 | _aমোহাম্মদ রফিক। | ||
| 245 |
_aধুলোর সংসাওে এই মাটি। _cমোহাম্মদ রফিক। |
||
| 260 |
_aঢাকা _bমুক্ত ধারা। _c1976 |
||
| 300 | _a8447 p. | ||
| 650 | _aBangla | ||
| 650 | _aBengali Literature | ||
| 700 | _aমোহাম্মদ রফিক। | ||
| 999 |
_c4285 _d4285 |
||